01124 a2200169 4500003000500000005001700005040000900022082001600031100002500047245005100072260004700123300001500170505060000185942002500785999001900810952012500829NUST20230202114828.0 cNust a954.025,AUR aS. R. Bakshi9108456 aAurangzeb /cEdited by S.R Bakshi , S.K Sharma aNew DelhibDeep Deep publication ltdc2000 a424 pages. aAurangzeb (page-1), Aurangzeb Alamgir (1685-1707) (Page-100), Governorship of Multan and Sind 1648-1652 (Page-142), The Sabah of Allahabad Under Aurangzeb (Page-149), Viceroyalty of the Deccan (Page-169), The Raj put Policy of Aurangzeb (Page-182), Mughal Conquest of Trichinopology (Page-193), Two Farman’s of Aurangzeb (Page-206), Political Views of Emperor (Page-218), Legends from the Punjab (Page-255), The Sword of Aurangzeb (Page-261), Revenue System (Page-289), Agriculture and Industry (Page-331), Trade (Page-353), Position of Woman (Page-401), By the Grave of Aurangzeb (Page-414).  2ddccBKk954.025,AUR c194000d194000 00102ddc4070aMCSbMCScGENd2016-12-12o954.025,AURpMCS27822r2016-12-08w2016-12-12yBKzAlmirah No.61, Shelf No.4